Đồ án thiết kế công nghệ và thiết bị luyện kim

保存先:
書誌詳細
フォーマット: 図書
言語:Undetermined
出版事項: Thành phố Hồ Chí Minh Đại học Quốc gia Thành phố Hồ Chí Minh 2003
主題:
タグ: タグ追加
タグなし, このレコードへの初めてのタグを付けませんか!
Thư viện lưu trữ: Trung tâm Học liệu Trường Đại học Cần Thơ
LEADER 00592nam a2200181Ia 4500
001 CTU_64908
008 210402s9999 xx 000 0 und d
020 |c 26500 
082 |a 669.95 
082 |b Đ450 
245 0 |a Đồ án thiết kế công nghệ và thiết bị luyện kim 
245 0 |c Đặng Vũ Ngoạn 
260 |a Thành phố Hồ Chí Minh 
260 |b Đại học Quốc gia Thành phố Hồ Chí Minh 
260 |c 2003 
650 |a Metallurgy 
904 |i TUYẾN,Hải 
980 |a Trung tâm Học liệu Trường Đại học Cần Thơ